Food, energy, and society /

Bibliographic Details
Main Author: Pimentel, David, 1925-
Other Authors: Pimentel, Marcia
Format: Book
Language:English
Published: London : Edward Arnold, 1979.
Series:Resource and environmental sciences series (New York, N.Y.)
Subjects:

MARC

Tag First Indicator Second Indicator Subfields
LEADER 00000cam a2200000 i 4500
001 in00000063944
005 20151008051145.0
008 791113s1979 enka b 00110 eng d
020 |a 0713127619 
035 |a (OCoLC)05690105 
035 |9 AAG6107AM 
040 |a AGL  |c AGL  |d TXA  |d UtOrBLW 
049 |a TXAM  |c [1421114] 
072 0 |a 1030  |a 8005 
090 |a HD9000.6  |b .P55 1979a 
100 1 |a Pimentel, David,  |d 1925- 
245 1 0 |a Food, energy, and society /  |c David Pimentel and Marcia Pimentel. 
264 1 |a London :  |b Edward Arnold,  |c 1979. 
300 |a viii, 165 pages :  |b illustrations ;  |c 22 cm. 
336 |a text  |b txt  |2 rdacontent 
337 |a unmediated  |b n  |2 rdamedia 
338 |a volume  |b nc  |2 rdacarrier 
490 1 |a Resource and environmental sciences series 
500 |a Includes index. 
504 |a Bibliography: pages [151]-162. 
650 0 |a Food supply. 
650 0 |a Power resources. 
650 0 |a Agriculture  |x Energy consumption. 
700 1 |a Pimentel, Marcia. 
830 0 |a Resource and environmental sciences series (New York, N.Y.) 
999 |a MARS 
999 f f |s 2f4d08da-6870-332b-9b16-98341502a960  |i 2d82fba3-6bc7-3c9b-b75f-4039e130f635  |t 0 
952 f f |p ric  |a Texas A&M University  |b Rellis Campus  |c Joint Library Facility  |d Remote Storage  |t 0  |e HD9000.6 .P55 1979a  |h Library of Congress classification  |i unmediated -- volume  |m A14802715446 
998 f f |a HD9000.6 .P55 1979a  |t 0  |l Remote Storage